00867nam a2200253 i 4500001001000000003000900010005001700019007000300036008004100039020001800080040003000098082002000128100003700148245010200185250002200287264005000309300002800359336002700387337003400414338002800448500006000476504003900536700003800575000049227DO-SdBNP20250311101513.0ta190730s2017 dr r 000 0 spa d a9789945468601 aDO-SdBNPbspacBNPHUerda 4axxxxbB369a2221 aBeato Alba, Niurka,eautor4aut.10aApuntes sobre el comercio internacional y aduanas /cNiurka Beato Alba ; prólogo, Luisa Astacio aprimera esición aSanto Domingo :bEditora Alfa y Omega,c2017. a409 páginas ;c24 cm. atextobtxt2rdacontent asin meddiaciónbn2rdamedia avolumenbnc2rdacarrier aIncluye datos biográficos de la autora en las solapas aBibliografía : páginas 407-4091 aAstacio, Luisa,eprologuista4pr.